Manual de identificación de especies forestales / (Registro nro. 3546)

000 -CABECERA
campo de control de longitud fija 00656nam a22001817a 4500
005 - FECHA Y HORA DE LA ÚLTIMA TRANSACCIÓN
campo de control 20220314165145.0
008 - DATOS DE LONGITUD FIJA--INFORMACIÓN GENERAL
campo de control de longitud fija 220312b ||||| |||| 00| 0 eng d
040 ## - FUENTE DE LA CATALOGACIÓN
Centro/agencia transcriptor CAAAP
041 ## - CÓDIGO DE LENGUA
Código de lengua del texto/banda sonora o título independiente spa
050 #4 - SIGNATURA TOPOGRÁFICA DE LA BIBLIOTECA DEL CONGRESO
Número de clasificación SD383
Número de documento/Ítem L24
110 2# - ENTRADA PRINCIPAL--NOMBRE DE ENTIDAD CORPORATIVA
9 (RLIN) 5018
Nombre de entidad corporativa o nombre de jurisdicción como elemento de entrada Proyecto de Capacitación, Extensión y Divulgación Forestal (Pucallpa)
245 10 - MENCIÓN DE TÍTULO
Título Manual de identificación de especies forestales /
Subtitulo Proyecto de Capacitación Extensión y Divulgación Forestal
260 ## - PUBLICACIÓN, DISTRIBUCIÓN, ETC.
Lugar de publicación, distribución, etc. Pucallpa:
Nombre del editor, distribuidor, etc. El Proyecto,
Fecha de publicación, distribución, etc. [198?]
300 ## - DESCRIPCIÓN FÍSICA
Extensión 202 p.:
Otras características físicas il.;
Dimensiones 29 cm.
650 #0 - PUNTO DE ACCESO ADICIONAL DE MATERIA--TÉRMINO DE MATERIA
9 (RLIN) 1040
Término de materia o nombre geográfico como elemento de entrada Bosques Tropicales
710 2# - ENTRADA SECUNDARIA -- AUTOR CORPORATIVO
9 (RLIN) 5020
Nombre de entidad corporativa o nombre de jurisdicción como elemento de entrada Cooperación Técnica del Gobierno Suizo
942 ## - ELEMENTOS PERSONALIZADOS KOHA
Fuente del sistema de clasificación o colocación
Fecha de catalogación DD - MM - AA
Tipo de ítem Koha Libros
Existencias
Fuente del sistema de clasificación o colocación Localización permanente Ubicación/localización actual Fecha de adquisición Número de inventario Total de préstamos Signatura LC Fecha visto por última vez Tipo de ítem Koha
  CENTRO DE DOCUMENTACIÓN (CENDOC) CENTRO DE DOCUMENTACIÓN (CENDOC) 03/14/2022 5991   SD383 L24 03/14/2022 Libros
Centro de Documentación CAAAP | AV. Manuel González Prada 626, Magdalena del Mar | (51-1) 4615223 Anexo 205 y 209 | cendoc@caaap.org.pe